| 000 | 01647cam a2200313 i 4500 | ||
|---|---|---|---|
| 003 | SA-RiAUC | ||
| 005 | 20250325113629.0 | ||
| 008 | 250325s1926 su g 00010 ara c | ||
| 040 |
_aSA-RiKAPL _bara _cSA-RiAUC _erda |
||
| 072 | 0 | _a028 | |
| 082 | 0 | 4 | _a251.6 |
| 090 |
_aن 251.6 _b ق ر ا |
||
| 100 | 1 |
_aالقرافي، أحمد بن إدريس بن عبد الرحمن، _d626-684 هجري _eمؤلف. |
|
| 245 | 1 | 2 |
_aالفروق / _cشهاب الدين أبي العباس أحمد بن إدريس بن عبد الرحمن الصنهاجي المشهور بالقرافي. وبهامش الكتاب تهذيب الفروق والقواعد السنية في الاسرار الفقهية/ محمد علي بن حسين. |
| 250 | _aالطبعة الأولى. | ||
| 264 | 1 |
_aمكة المكرمة : _bدار إحياء الكتب العربية، _c[1926] |
|
| 300 |
_a4 مجلد ؛ _c26 سم |
||
| 336 |
_aنص _btxt _2rdacontent _3كتاب |
||
| 337 |
_aبدون وسيط _bn _2rdamedia |
||
| 338 |
_aمجلد _bnc _2rdacarrier |
||
| 650 | 7 |
_aالقواعد الفقهية _2aucsh |
|
| 650 | 7 |
_aأصول الفقه الإسلامي _2aucsh |
|
| 700 | 1 | 2 |
_aالمالكي، محمد علي بن حسين بن إبراهيم، _d1287-1367 هجري. _tتهذيب الفروق. |
| 700 | 1 | 2 |
_aالمالكي، محمد علي بن حسين بن إبراهيم، _d1287-1367 هجري. _tالقواعد السنية في الأسرار الفقهية. |
| 740 | 0 | 2 | _aتهذيب الفروق. |
| 740 | 2 | 2 | _aالقواعد السنية في الأسرار الفقهية. |
| 942 |
_2ddc _cRARE BOOK _n0 |
||
| 949 |
_aSA-JeALM _d250325 _ueid123 _n1 |
||
| 999 |
_c6617 _d6617 |
||